书目信息 |
| 题名: |
新时代大学英语视听说教程
|
|
| 作者: | 张文霞 , 李淑静 总主编 ;潘海英 主编 | |
| 分册: | 第1册 提高篇 | |
| 出版信息: | 北京 华语教学出版社 2024.07 |
|
| 页数: | 155页 | |
| 开本: | 29cm | |
| 丛书名: | ||
| 单 册: | ||
| 中图分类: | H319.9 | |
| 科图分类: | ||
| 主题词: | 英语--听力--高等学校--教材 , 英语--口语--高等学校--教材 | |
| 电子资源: | ||
| ISBN: | 978-7-5138-2441-5 | |
| 000 | 01116nam0 2200277 450 | |
| 001 | 013091773 | |
| 005 | 20251022103849.83 | |
| 010 | @a978-7-5138-2441-5@dCNY59.80 | |
| 100 | @a20250306d2024 em y0chiy0120 ea | |
| 101 | 0 | @aeng@gchi |
| 102 | @aCN@b110000 | |
| 105 | @aa z 000yy | |
| 106 | @ar | |
| 200 | 1 | @a新时代大学英语视听说教程@9xin shi dai da xue ying yu shi ting shuo jiao cheng@h第1册@i提高篇@f张文霞,李淑静总主编@g潘海英主编 |
| 210 | @a北京@c华语教学出版社@d2024.07 | |
| 215 | @a155页@c彩图@d29cm | |
| 300 | @a中国外文出版发行事业局“十四五”规划教材 “新时代大学英语”系列教材 | |
| 330 | @a本书分为八个单元,每单元包括:单元目标、Lead-in、英文视听选文。选文配有教学活动及练习,涵盖单词、短语,听力类活动,听力、交际及口语技能讲解,口语类活动,项目式学习,单元评估与反思。 | |
| 606 | 0 | @a英语@x听力@x高等学校@j教材 |
| 606 | 0 | @a英语@x口语@x高等学校@j教材 |
| 690 | @aH319.9@v5 | |
| 701 | 0 | @a张文霞@9zhang wen xia@4总主编 |
| 701 | 0 | @a李淑静@9li shu jing@4总主编 |
| 702 | 0 | @a潘海英@9pan hai ying@4主编 |
| 801 | 0 | @aCN@c20250911 |
| 905 | @a河南城建学院图书馆@dH319.9@eZ197:1@ZZ197:1@f1 | |
| 新时代大学英语视听说教程.第1册.提高篇/张文霞,李淑静总主编/潘海英主编.-北京:华语教学出版社,2024.07 |
| 155页:彩图;29cm |
| 中国外文出版发行事业局“十四五”规划教材 “新时代大学英语”系列教材 |
| ISBN 978-7-5138-2441-5:CNY59.80 |
| 本书分为八个单元,每单元包括:单元目标、Lead-in、英文视听选文。选文配有教学活动及练习,涵盖单词、短语,听力类活动,听力、交际及口语技能讲解,口语类活动,项目式学习,单元评估与反思。 |
| ● |
| 相关链接 |
|
|
|
正题名:新时代大学英语视听说教程
索取号:H319.9/Z197:1
 
预约/预借
| 序号 | 登录号 | 条形码 | 馆藏地/架位号 | 状态 | 备注 |
| 1 | 1635600 | 216356002 | 语言库209/209语言库 113排1列5层/ [索取号:H319.9/Z197:1] | 在馆 |